Optics (Record no. 2309)

000 -LEADER
fixed length control field 00442nam a22001937a 4500
001 - CONTROL NUMBER
control field 2309
003 - CONTROL NUMBER IDENTIFIER
control field BD-DhUET
008 - FIXED-LENGTH DATA ELEMENTS--GENERAL INFORMATION
fixed length control field 140921b xxu||||| |||| 00| 0 eng d
020 ## - INTERNATIONAL STANDARD BOOK NUMBER
International Standard Book Number 8177583573
040 ## - CATALOGING SOURCE
Transcribing agency 0
Modifying agency BD-DhUET
082 ## - DEWEY DECIMAL CLASSIFICATION NUMBER
Classification number 535
Item number HEC/2002
100 ## - MAIN ENTRY--PERSONAL NAME
Personal name Hecht , Eugene
245 ## - TITLE STATEMENT
Title Optics
Statement of responsibility, etc. by Eugene Hecht
250 ## - EDITION STATEMENT
Edition statement 4th ed.
260 ## - PUBLICATION, DISTRIBUTION, ETC. (IMPRINT)
Place of publication, distribution, etc. Delhi
Name of publisher, distributor, etc. Pearson Education
Date of publication, distribution, etc. 2002
300 ## - PHYSICAL DESCRIPTION
Extent 704p.
650 #0 - SUBJECT ADDED ENTRY--TOPICAL TERM
Topical term or geographic name as entry element Optics
942 ## - ADDED ENTRY ELEMENTS (KOHA)
Koha item type General Book
Holdings
Piece designation (barcode) Koha normalized classification for sorting Koha issues (times borrowed) Koha full call number Source of classification or shelving scheme Location (home branch) Shelving location Koha date last borrowed Date acquired Not for loan Koha date last seen Price effective from Withdrawn status Lost status Copy number Koha item type Koha out on loan Damaged status Sublocation or collection (holding branch)
101939535HEC20024535/HEC/2002 Central Library, BUETCirculation section2025-12-102014-09-21 2025-12-172014-09-21  1General Book  Central Library, BUET
101938535HEC20021535/HEC/2002 Central Library, BUETCirculation section2020-02-252014-11-20 2020-02-252014-11-20  2General Book2020-03-10 Central Library, BUET